Direito internacional público e privado : (Record no. 990)

MARC details
000 -LÍDER
Campo Fixo de Controle 01008nam a2200265 a 4500
001 - NÚMERO DE CONTROLE
Campo de Controle 990
003 - IDENTIFICAÇÃO DO NÚMERO DE CONTROLE
Campo de Controle BR-CuiBMT
005 - DATA E HORA DA ÚLTIMA ATUALIZAÇÃO
Campo de Controle 20231124211433.0
008 - DADOS FIXOS
Dados Fixos 231124s2015 baba 000 0 por d
020 ## - INTERNATIONAL STANDARD BOOK NUMBER
Nº do ISBN 8544203566
040 ## - AGÊNCIA CATALOGADORA
Código da Agência Catalogadora BR-CuiBMT
Agência que transcreveu o registro BR-CuiBMT
080 ## - Nº DA CLASSIFICAÇÃO DECIMAL UNIVERSAL
Nº edição CDU 2007
Nº Class. CDU 341.1/.8
090 ## - NÚMERO DE CHAMADA
Nº classificação 341.1/.8
Cutter P843d
Ano/Edição 7. ed.
100 1# - ENTRADA PRINCIPAL -- AUTOR PESSOAL
Nome pessoal Portela, Paulo Henrique Gonçalves
245 ## - TÍTULO PRINCIPAL
Título principal Direito internacional público e privado :
Subtítulo incluindo noções de direitos humanos e de direito comunitário /
Indicação de responsabilidade Paulo Henrique Gonçalves Portela.
250 ## - EDIÇÃO
Edição 7. ed. rev., ampl. e atual.
260 ## - PUBLICAÇÃO, DISTRIBUIÇÃO, ETC.
Local de publicação Salvador :
Editora Juspodivm,
Data 2015.
300 ## - DESCRIÇÃO FÍSICA
N. páginas ou volumes 1060 p.:
Ilustrações il.
Dimensões 24 cm
500 ## - NOTAS GERAIS
Notas gerais Atualizado de acordo com o novo CPC, com a Lei 12.968/14 e com a Emenda Regimental 18, de 17/12/2014, do Regimento Interno do Superior Tribunal de Justiça.
650 ## - ASSUNTO TÓPICO
Cabeçalho tópico ou nome geográfico Direito internacional público
650 ## - ASSUNTO TÓPICO
Cabeçalho tópico ou nome geográfico Direito internacional privado
650 ## - ASSUNTO TÓPICO
Cabeçalho tópico ou nome geográfico Direitos humanos
650 ## - ASSUNTO TÓPICO
Cabeçalho tópico ou nome geográfico Direito comunitário
942 ## - ELEMENTOS DE ENTRADA ADICIONAIS (KOHA)
Fonte de classificação ou esquema de arquivamento Classificação Decimal Universal
Tipo de item do Koha Livros
Holdings
Estado: removido Estado: perdido Fonte de classificação ou esquema de arquivamento Estado: danificado Indisponível para empréstimo Localização permanente Localização atual Data de aquisição Total Checkouts Número de Chamada completo Código de barras Date last seen Número do exemplar Preço efetivo a partir de Tipo de item (Koha)
    Classificação Decimal Universal     Biblioteca da Escola Superior de Contas do TCE/MT Biblioteca da Escola Superior de Contas do TCE/MT 24/11/2023   341.1/.8 P843d BIBTCEMT23111075 24/11/2023 Ex. 1 24/11/2023 Livros

Powered by Koha